Phân tích kết quả khuyến mãi điện thoại cố định hữu tuyến tại viễn thông Cần Thơ-Hậu Giang : Luận văn Thạc sĩ Kinh tế. Chuyên ngành: Quản trị kinh doanh

Đề tài đánh giá thực trạng và kết quả các chương trình khuyến mãi đã thực hiện trong thời gian qua trên địa bàn Tp. Cần Thơ. Phân tích ảnh hưởng các nhân tố đối với sự gia tăng số lượng thuê bao. Phân tích ảnh hưởng của các nhân tố đo...

Полное описание

Сохранить в:
Библиографические подробности
Главный автор: Nguyễn, Thị Hoa
Формат:
Язык:Undetermined
Опубликовано: Cần Thơ Trường Đại học Cần Thơ 2010
Предметы:
Метки: Добавить метку
Нет меток, Требуется 1-ая метка записи!
Thư viện lưu trữ: Trung tâm Học liệu Trường Đại học Cần Thơ
LEADER 01620nam a2200229Ia 4500
001 CTU_162899
008 210402s9999 xx 000 0 und d
082 |a 658.83 
082 |b H401 
088 |a 60340102 
100 |a Nguyễn, Thị Hoa 
245 0 |a Phân tích kết quả khuyến mãi điện thoại cố định hữu tuyến tại viễn thông Cần Thơ-Hậu Giang : 
245 0 |b Luận văn Thạc sĩ Kinh tế. Chuyên ngành: Quản trị kinh doanh 
245 0 |c Nguyễn Thị Hoa ; Võ Thị Thạnh Lộc (Hướng dẫn Khoa học) 
260 |a Cần Thơ 
260 |b Trường Đại học Cần Thơ 
260 |c 2010 
520 |a Đề tài đánh giá thực trạng và kết quả các chương trình khuyến mãi đã thực hiện trong thời gian qua trên địa bàn Tp. Cần Thơ. Phân tích ảnh hưởng các nhân tố đối với sự gia tăng số lượng thuê bao. Phân tích ảnh hưởng của các nhân tố đối với doanh thu điện thoại cố định hữu tuyến. Đề xuất các giải pháp hữu hiệu để các chương trình khuyến mãi điện thoại cố định thực sự hấp dẫn, thu hút khách hàng sử dụng nhằm tăng hiệu quả kinh doanh. 
650 |a Telecommunication,Marketing,Viễn thông,Sự quảng cáo 
650 |x Management,Quản lý 
904 |i Năm 
980 |a Trung tâm Học liệu Trường Đại học Cần Thơ